[Event "Young Stars 1"]
[Site "Montreal CAN"]
[Date "2017.05.05"]
[Round "1"]
[White "Ouellet, Maili-Jade"]
[Black "Zheng, Richard"]
[Result "1-0"]
[WhiteElo "2096"]
[BlackElo "1664"]
[WhiteFideId "-1"]
[WhiteFideId "-1"]
[PlyCount "49"]
[GameId "2160767908411549"]
[EventDate "2017.05.05"]
[EventType "tourn"]
[EventRounds "10"]
[EventCountry "CAN"]
[SourceTitle "EXT 2022"]
[Source "ChessBase"]
[SourceDate "2021.10.06"]
[SourceVersion "1"]
[SourceVersionDate "2021.10.06"]
[SourceQuality "1"]

1. d4 d5 2. c4 e6 3. Nc3 f5 4. Nf3 Nf6 5. Bf4 c6 6. e3 Bd6 7. Bd3 Bxf4 8. exf4 O-O 9. O-O Qc7 10. g3 Ne4 11. Rc1 Nxc3 12. Rxc3 Qb6 13. Qe2 Na6 14. Re1 g6 15. a3 c5 16. cxd5 cxd4 17. Rc2 Nc5 18. dxe6 Bxe6 19. Rxc5 Qxc5 20. Qxe6+ Kh8 21. Ng5 Qc7 22. Qe7 Qxe7 23. Rxe7 h5 24. Rh7+ Kg8 25. Bc4+ 1-0

[Event "Young Stars 1"]
[Site "Montreal CAN"]
[Date "2017.05.06"]
[Round "2"]
[White "Huang, Qiuyu"]
[Black "Tanaka, Tyler"]
[Result "1-0"]
[WhiteElo "2195"]
[BlackElo "1991"]
[WhiteFideId "-1"]
[WhiteFideId "-1"]
[PlyCount "115"]
[GameId "2160767908411551"]
[EventDate "2017.05.05"]
[EventType "tourn"]
[EventRounds "10"]
[EventCountry "CAN"]
[SourceTitle "EXT 2022"]
[Source "ChessBase"]
[SourceDate "2021.10.06"]
[SourceVersion "1"]
[SourceVersionDate "2021.10.06"]
[SourceQuality "1"]

1. e4 c5 2. Nf3 d6 3. d4 cxd4 4. Nxd4 Nf6 5. Nc3 g6 6. Be3 Bg7 7. f3 Nc6 8. Qd2 O-O 9. Bc4 Nxd4 10. Bxd4 Be6 11. Nd5 Bxd5 12. exd5 Qc7 13. Bb3 Nd7 14. c3 Bxd4 15. cxd4 a5 16. a4 Qb6 17. Ba2 Qb4 18. Qxb4 axb4 19. Bb3 Rfc8 20. Kd2 Nb6 21. Rhc1 Rxc1 22. Rxc1 Nxa4 23. Bxa4 Rxa4 24. Rc7 Ra5 25. Rxe7 Rxd5 26. Kd3 b5 27. g4 f5 28. h4 h6 29. b3 Kh8 30. Rb7 Kg8 31. Ke3 Kh8 32. Rd7 Kg8 33. Re7 Kh8 34. Rb7 Kg8 35. Rd7 Kh8 36. gxf5 gxf5 37. f4 Kg8 38. h5 Kh8 39. Rf7 Kg8 40. Rf6 Kg7 41. Rg6+ Kh7 42. Kd3 Kh8 43. Rxh6+ Kg7 44. Rg6+ Kh7 45. Rg1 Kh6 46. Rh1 Rc5 47. dxc5 dxc5 48. Rc1 c4+ 49. bxc4 bxc4+ 50. Kxc4 Kxh5 51. Kxb4 Kg4 52. Rc4 Kf3 53. Kc3 Kg4 54. Kd3 Kf3 55. Rd4 Kg4 56. Ke3 Kh5 57. Rd8 Kh4 58. Kf3 1-0

[Event "Young Stars 1"]
[Site "Montreal CAN"]
[Date "2017.05.06"]
[Round "2"]
[White "Ouellet, Maili-Jade"]
[Black "Fan, Run Kun"]
[Result "1-0"]
[WhiteElo "2096"]
[BlackElo "1981"]
[WhiteFideId "-1"]
[WhiteFideId "-1"]
[PlyCount "71"]
[GameId "2160767908411552"]
[EventDate "2017.05.05"]
[EventType "tourn"]
[EventRounds "10"]
[EventCountry "CAN"]
[SourceTitle "EXT 2022"]
[Source "ChessBase"]
[SourceDate "2021.10.06"]
[SourceVersion "1"]
[SourceVersionDate "2021.10.06"]
[SourceQuality "1"]

1. d4 d5 2. c4 c6 3. Nf3 Nf6 4. Nc3 e6 5. Bg5 dxc4 6. e4 b5 7. e5 h6 8. Bh4 g5 9. Nxg5 hxg5 10. Bxg5 Nbd7 11. g3 Rg8 12. Bxf6 Nxf6 13. exf6 Qxf6 14. Bg2 Bb7 15. Nxb5 O-O-O 16. Nxa7+ Kc7 17. Qa4 Qxd4 18. O-O Ra8 19. Qa5+ Qb6 20. Qh5 Rg7 21. Qe5+ Kd8 22. Rfd1+ Ke8 23. a4 Qxa7 24. Qc7 f5 25. Bxc6+ Bxc6 26. Qxc6+ Ke7 27. Rd6 Rg6 28. Re1 Bg7 29. Rdxe6+ Rxe6 30. Qxe6+ Kf8 31. Qxf5+ Qf7 32. Qc5+ Kg8 33. Re7 Qf3 34. Qxc4+ Kf8 35. Re4 Bf6 36. Qd5 1-0

[Event "Young Stars 1"]
[Site "Montreal CAN"]
[Date "2017.05.06"]
[Round "3"]
[White "Fan, Run Kun"]
[Black "Zheng, Richard"]
[Result "1-0"]
[WhiteElo "1981"]
[BlackElo "1664"]
[WhiteFideId "-1"]
[WhiteFideId "-1"]
[PlyCount "123"]
[GameId "2160767908411554"]
[EventDate "2017.05.05"]
[EventType "tourn"]
[EventRounds "10"]
[EventCountry "CAN"]
[SourceTitle "EXT 2022"]
[Source "ChessBase"]
[SourceDate "2021.10.06"]
[SourceVersion "1"]
[SourceVersionDate "2021.10.06"]
[SourceQuality "1"]

1. e4 e5 2. Nf3 Nc6 3. Bb5 Nf6 4. O-O d6 5. d4 exd4 6. Nxd4 Bd7 7. Nxc6 Bxc6 8. Bxc6+ bxc6 9. Nd2 Be7 10. b3 O-O 11. Bb2 Re8 12. h3 Qd7 13. Re1 Rad8 14. Qf3 h6 15. Nf1 d5 16. e5 Ne4 17. Ng3 Nxg3 18. Qxg3 Qe6 19. f4 Bb4 20. Re2 Qg6 21. Qd3 Qxd3 22. cxd3 f6 23. Rc1 fxe5 24. fxe5 Re6 25. Bd4 Ba3 26. Rcc2 a6 27. Bc5 Bxc5+ 28. Rxc5 Rde8 29. d4 Rb8 30. Ra5 Rb6 31. Rf2 Rb4 32. Re2 Rb6 33. Kf2 Kf7 34. Ke3 Rg6 35. g4 Ke7 36. Rf2 Re6 37. Rf3 Rg6 38. Kf2 Re6 39. a3 Kd7 40. b4 Re8 41. h4 Ke6 42. Rf5 Ra8 43. Rc5 Re8 44. Kg3 Ke7 45. Rc3 Rf8 46. h5 Rf7 47. Kf4 a5 48. bxa5 Ra6 49. Rc5 Rf8 50. Rxf8 Kxf8 51. Kf5 Kf7 52. e6+ Ke7 53. Kg6 Kxe6 54. Kxg7 Ra8 55. Rxc6+ Kd7 56. Rc5 Ke6 57. Kxh6 Rg8 58. Rc6+ Kf7 59. Rg6 Rh8+ 60. Kg5 c5 61. dxc5 d4 62. Rd6 1-0

[Event "Young Stars 1"]
[Site "Montreal CAN"]
[Date "2017.05.06"]
[Round "3"]
[White "Tanaka, Tyler"]
[Black "Ouellet, Maili-Jade"]
[Result "0-1"]
[WhiteElo "1991"]
[BlackElo "2096"]
[WhiteFideId "-1"]
[WhiteFideId "-1"]
[PlyCount "76"]
[GameId "2160767908411556"]
[EventDate "2017.05.05"]
[EventType "tourn"]
[EventRounds "10"]
[EventCountry "CAN"]
[SourceTitle "EXT 2022"]
[Source "ChessBase"]
[SourceDate "2021.10.06"]
[SourceVersion "1"]
[SourceVersionDate "2021.10.06"]
[SourceQuality "1"]

1. e4 c5 2. Nf3 e6 3. d4 cxd4 4. Nxd4 a6 5. Bd3 Bc5 6. Nb3 Be7 7. Qg4 g6 8. Qe2 d6 9. O-O Nd7 10. a4 Qc7 11. Na3 b6 12. Nc4 h5 13. Be3 Ngf6 14. a5 b5 15. Nb6 Nxb6 16. axb6 Qb8 17. Na5 Ng4 18. b7 Bxb7 19. Bxb5+ Kf8 20. Nc6 Qc8 21. Nxe7 Kxe7 22. Bd3 Qc6 23. h3 Ne5 24. f4 Nd7 25. f5 gxf5 26. Bg5+ f6 27. Bh4 fxe4 28. Bc4 Rh6 29. Bb3 Rg8 30. Ba4 Qc5+ 31. Kh1 e3 32. Rg1 Rhg6 33. b4 Qf5 34. Kh2 Rxg2+ 35. Rxg2 Rxg2+ 36. Qxg2 Bxg2 37. Kxg2 Qe4+ 38. Kg3 Qe5+ 0-1

[Event "Young Stars 1"]
[Site "Montreal CAN"]
[Date "2017.05.06"]
[Round "4"]
[White "Huang, Qiuyu"]
[Black "Ouellet, Maili-Jade"]
[Result "0-1"]
[WhiteElo "2195"]
[BlackElo "2096"]
[WhiteFideId "-1"]
[WhiteFideId "-1"]
[PlyCount "50"]
[GameId "2160767908411558"]
[EventDate "2017.05.05"]
[EventType "tourn"]
[EventRounds "10"]
[EventCountry "CAN"]
[SourceTitle "EXT 2022"]
[Source "ChessBase"]
[SourceDate "2021.10.06"]
[SourceVersion "1"]
[SourceVersionDate "2021.10.06"]
[SourceQuality "1"]

1. e4 c5 2. Nf3 e6 3. d4 cxd4 4. Nxd4 a6 5. Bd3 Bc5 6. Nb3 Be7 7. c4 d6 8. Nc3 Nf6 9. O-O b6 10. a4 Nc6 11. f4 Bb7 12. Bd2 Qc7 13. Qf3 h5 14. Rae1 Rc8 15. Ne2 g5 16. Ned4 g4 17. Qf2 h4 18. Nxc6 Bxc6 19. Nd4 Bb7 20. e5 g3 21. Qe2 h3 22. gxh3 Rxh3 23. Nf3 dxe5 24. hxg3 e4 25. Qg2 Rh8 0-1

[Event "Young Stars 1"]
[Site "Montreal CAN"]
[Date "2017.05.06"]
[Round "4"]
[White "Zheng, Richard"]
[Black "Tanaka, Tyler"]
[Result "1-0"]
[WhiteElo "1664"]
[BlackElo "1991"]
[WhiteFideId "-1"]
[WhiteFideId "-1"]
[PlyCount "89"]
[GameId "2160767908411559"]
[EventDate "2017.05.05"]
[EventType "tourn"]
[EventRounds "10"]
[EventCountry "CAN"]
[SourceTitle "EXT 2022"]
[Source "ChessBase"]
[SourceDate "2021.10.06"]
[SourceVersion "1"]
[SourceVersionDate "2021.10.06"]
[SourceQuality "1"]

1. d4 Nf6 2. e3 g6 3. c3 Bg7 4. Bd3 d6 5. Nd2 e5 6. Ngf3 Nbd7 7. O-O O-O 8. Qc2 Re8 9. Ne4 Nxe4 10. Bxe4 c6 11. dxe5 dxe5 12. b4 Qc7 13. Rd1 a5 14. a3 Nb6 15. Bd3 axb4 16. e4 bxa3 17. Bxa3 Be6 18. c4 c5 19. Nd2 Ra4 20. Bb2 Rea8 21. Rxa4 Rxa4 22. Ra1 Ra6 23. Rxa6 bxa6 24. Nf1 a5 25. Ne3 a4 26. Qc3 Qa7 27. Nd5 Bxd5 28. cxd5 Qc7 29. Qa5 h5 30. Bc2 c4 31. Bxa4 c3 32. Bxc3 Bf8 33. g3 Bd6 34. Bc6 Qb8 35. Kg2 Bc7 36. Qc5 Bd6 37. Qb5 Nc8 38. Qa5 Ne7 39. Qa6 Qb1 40. Qc4 Qb8 41. f4 exf4 42. Qd4 f6 43. Qxf6 Qf8 44. Qh8+ Kf7 45. Qh7+ 1-0

[Event "Young Stars 1"]
[Site "Montreal CAN"]
[Date "2017.05.07"]
[Round "5"]
[White "Huang, Qiuyu"]
[Black "Zheng, Richard"]
[Result "1-0"]
[WhiteElo "2195"]
[BlackElo "1664"]
[WhiteFideId "-1"]
[WhiteFideId "-1"]
[PlyCount "71"]
[GameId "2160767908411560"]
[EventDate "2017.05.05"]
[EventType "tourn"]
[EventRounds "10"]
[EventCountry "CAN"]
[SourceTitle "EXT 2022"]
[Source "ChessBase"]
[SourceDate "2021.10.06"]
[SourceVersion "1"]
[SourceVersionDate "2021.10.06"]
[SourceQuality "1"]

1. e4 e6 2. d4 d5 3. Nc3 Bb4 4. exd5 exd5 5. Bd3 c6 6. Nge2 Nf6 7. Bg5 h6 8. Bh4 O-O 9. Qd2 a5 10. O-O Be7 11. f4 Ne4 12. Bxe4 Bxh4 13. Bf3 f5 14. g3 Bf6 15. a4 Nd7 16. Nd1 Nb6 17. Ne3 Be6 18. b3 Qd7 19. Rad1 Rfd8 20. Kh1 g6 21. Bg2 h5 22. Ng1 Nc8 23. Nf3 Nd6 24. Ne5 Bxe5 25. fxe5 Ne4 26. Bxe4 fxe4 27. Rf6 Kg7 28. Ng2 Rf8 29. Rdf1 Rxf6 30. Rxf6 Rf8 31. Qg5 Rxf6 32. Qxf6+ Kh6 33. Nf4 Bf5 34. Nxh5 Qe6 35. Qh8+ Kg5 36. Ng7 1-0

[Event "Young Stars 1"]
[Site "Montreal CAN"]
[Date "2017.05.13"]
[Round "5"]
[White "Fan, Run Kun"]
[Black "Tanaka, Tyler"]
[Result "1/2-1/2"]
[WhiteElo "1981"]
[BlackElo "1991"]
[WhiteFideId "-1"]
[WhiteFideId "-1"]
[PlyCount "59"]
[GameId "2160767908411562"]
[EventDate "2017.05.05"]
[EventType "tourn"]
[EventRounds "10"]
[EventCountry "CAN"]
[SourceTitle "EXT 2022"]
[Source "ChessBase"]
[SourceDate "2021.10.06"]
[SourceVersion "1"]
[SourceVersionDate "2021.10.06"]
[SourceQuality "1"]

1. e4 c5 2. Nc3 g6 3. f4 Bg7 4. Nf3 a6 5. a4 Nc6 6. Bc4 e6 7. f5 Nge7 8. fxe6 fxe6 9. O-O O-O 10. d3 d5 11. Bb3 h6 12. Qe1 Nd4 13. Nxd4 cxd4 14. Rxf8+ Qxf8 15. Ne2 Bd7 16. Bd2 dxe4 17. dxe4 Kh7 18. Nf4 Qf6 19. Qe2 e5 20. Nd3 Rf8 21. Bb4 Bc6 22. Qf3 Re8 23. Qxf6 Bxf6 24. Rf1 Kg7 25. Bd6 Nc8 26. Bxe5 Bxe5 27. Rf7+ Kh8 28. Nxe5 Rxe5 29. Rf8+ Kg7 30. Rf7+ 1/2-1/2

[Event "Young Stars 1"]
[Site "Montreal CAN"]
[Date "2017.05.07"]
[Round "6"]
[White "Zheng, Richard"]
[Black "Huang, Qiuyu"]
[Result "0-1"]
[WhiteElo "1664"]
[BlackElo "2195"]
[WhiteFideId "-1"]
[WhiteFideId "-1"]
[PlyCount "158"]
[GameId "2160767908411563"]
[EventDate "2017.05.05"]
[EventType "tourn"]
[EventRounds "10"]
[EventCountry "CAN"]
[SourceTitle "EXT 2022"]
[Source "ChessBase"]
[SourceDate "2021.10.06"]
[SourceVersion "1"]
[SourceVersionDate "2021.10.06"]
[SourceQuality "1"]

1. d4 d5 2. e3 Nf6 3. Bd3 e6 4. c3 c5 5. f4 Nc6 6. Nf3 Bd6 7. Nbd2 O-O 8. Ne5 Nd7 9. O-O f5 10. Ndf3 Bxe5 11. Nxe5 Ndxe5 12. fxe5 c4 13. Bc2 Bd7 14. Rf3 Be8 15. Rg3 Kh8 16. Bd2 Rg8 17. Rh3 g5 18. g4 Bg6 19. Bb1 Rg7 20. Rg3 h6 21. h3 Qd7 22. Qe2 Rf8 23. Rf3 Kg8 24. Bc2 h5 25. Rf2 Rh7 26. Raf1 Rff7 27. e4 f4 28. Be1 Ne7 29. Rg2 hxg4 30. Qxg4 dxe4 31. Qxg5 Rhg7 32. Rxf4 Bh7 33. Qh6 Nf5 34. Rxf5 Rxg2+ 35. Kxg2 Bxf5 36. Bg3 Rg7 37. Qe3 Qe8 38. Bxe4 Bxe4+ 39. Qxe4 Qc6 40. Qxc6 bxc6 41. b3 Rb7 42. b4 Rb6 43. a4 a5 44. bxa5 Ra6 45. Bh4 Rxa5 46. Be7 Rxa4 47. Kf3 Kf7 48. Bb4 Kg6 49. Be7 Ra1 50. Kg4 Rc1 51. Bb4 Rg1+ 52. Kf3 Kh5 53. Be7 Rc1 54. Bb4 Kh4 55. Kf4 Rf1+ 56. Ke3 Kxh3 57. Kd2 Kg4 58. Kc2 Kf3 59. Kb2 Ke4 60. Ka3 Ra1+ 61. Kb2 Ra8 62. Kc2 Ra2+ 63. Kb1 Rg2 64. Ba3 Kd3 65. Bb2 Re2 66. Ka2 Kc2 67. Ba1 Rh2 68. Ka3 Kb1 69. Kb4 Kxa1 70. Kc5 Kb2 71. Kxc6 Kxc3 72. d5 exd5 73. e6 Re2 74. Kxd5 Kd3 75. Kd6 c3 76. Kd7 c2 77. e7 c1=Q 78. e8=Q Rxe8 79. Kxe8 Qc7 0-1

[Event "Young Stars 1"]
[Site "Montreal CAN"]
[Date "2017.05.08"]
[Round "6"]
[White "Tanaka, Tyler"]
[Black "Fan, Run Kun"]
[Result "0-1"]
[WhiteElo "1991"]
[BlackElo "1981"]
[WhiteFideId "-1"]
[WhiteFideId "-1"]
[PlyCount "102"]
[GameId "2160767908411564"]
[EventDate "2017.05.05"]
[EventType "tourn"]
[EventRounds "10"]
[EventCountry "CAN"]
[SourceTitle "EXT 2022"]
[Source "ChessBase"]
[SourceDate "2021.10.06"]
[SourceVersion "1"]
[SourceVersionDate "2021.10.06"]
[SourceQuality "1"]

1. e4 e5 2. Nf3 Nc6 3. Bb5 Nf6 4. d3 d6 5. c3 a6 6. Ba4 g6 7. O-O Bg7 8. Re1 O-O 9. Nbd2 b5 10. Bc2 Bb7 11. Nf1 Re8 12. Bg5 h6 13. Bh4 Nb8 14. Ne3 Nbd7 15. Qd2 Nf8 16. Rad1 Qd7 17. Bxf6 Bxf6 18. Nd5 Bg7 19. d4 Bxd5 20. exd5 Rad8 21. Re2 f5 22. dxe5 dxe5 23. Bb3 Qd6 24. Rde1 Kf7 25. h4 Nd7 26. Qc2 e4 27. Nd2 Ne5 28. c4 Nd3 29. Rf1 Bd4 30. Nb1 Qg3 31. Re3 Bxe3 32. fxe3 Qxe3+ 33. Kh1 Qc5 34. h5 Ne5 35. Qxe4 Kg7 36. Qf4 bxc4 37. Ba4 c6 38. hxg6 Rxd5 39. b4 cxb3 40. Bxb3 Rd4 41. Qg3 Rg4 42. Qh2 Qd4 43. g3 Qe4+ 44. Qg2 Rxg3 45. Qxe4 fxe4 46. Nd2 e3 47. Ne4 Rxg6 48. Nc3 c5 49. Bc2 Rg5 50. Ne4 e2 51. Re1 Nf3 0-1

[Event "Young Stars 1"]
[Site "Montreal CAN"]
[Date "2017.05.08"]
[Round "6"]
[White "Zheng, Richard"]
[Black "Ouellet, Maili-Jade"]
[Result "0-1"]
[WhiteElo "1664"]
[BlackElo "2096"]
[WhiteFideId "-1"]
[WhiteFideId "-1"]
[PlyCount "88"]
[GameId "2160767908411565"]
[EventDate "2017.05.05"]
[EventType "tourn"]
[EventRounds "10"]
[EventCountry "CAN"]
[SourceTitle "EXT 2022"]
[Source "ChessBase"]
[SourceDate "2021.10.06"]
[SourceVersion "1"]
[SourceVersionDate "2021.10.06"]
[SourceQuality "1"]

1. d4 d5 2. e3 Nf6 3. Bd3 c5 4. c3 Nc6 5. f4 g6 6. Nf3 Bg7 7. O-O Bg4 8. Nbd2 Qc7 9. h3 Bf5 10. Bxf5 gxf5 11. Qc2 e6 12. dxc5 Nd7 13. Nd4 Nxc5 14. b4 Ne4 15. Nxe4 fxe4 16. Qd2 Ne7 17. Bb2 O-O 18. a3 Rac8 19. Rac1 Qd7 20. Qf2 f5 21. g3 Rc4 22. Rc2 Ng6 23. Rd1 Kh8 24. Kh1 Bf6 25. Qe2 Qc8 26. Nb5 Qb8 27. Nd4 Qe8 28. Nb3 Qc8 29. Nd4 a6 30. Rdd2 Rg8 31. Rd1 Ne7 32. Kh2 e5 33. Nb3 d4 34. exd4 exf4 35. gxf4 Qc7 36. Rg1 Qxf4+ 37. Kh1 Rxg1+ 38. Kxg1 Rc8 39. Qf1 Qe3+ 40. Kh2 f4 41. Qf2 Qxf2+ 42. Rxf2 Nd5 43. Nc5 e3 44. Rf3 Rxc5 0-1

[Event "Young Stars 1"]
[Site "Montreal CAN"]
[Date "2017.05.07"]
[Round "7"]
[White "Tanaka, Tyler"]
[Black "Zheng, Richard"]
[Result "1-0"]
[WhiteElo "1991"]
[BlackElo "1664"]
[WhiteFideId "-1"]
[WhiteFideId "-1"]
[PlyCount "79"]
[GameId "2160767908411566"]
[EventDate "2017.05.05"]
[EventType "tourn"]
[EventRounds "10"]
[EventCountry "CAN"]
[SourceTitle "EXT 2022"]
[Source "ChessBase"]
[SourceDate "2021.10.06"]
[SourceVersion "1"]
[SourceVersionDate "2021.10.06"]
[SourceQuality "1"]

1. e4 e5 2. Nf3 Nc6 3. Bb5 Nf6 4. d3 Bc5 5. c3 d6 6. O-O O-O 7. Re1 Ng4 8. d4 exd4 9. cxd4 Bb6 10. Nc3 a6 11. Ba4 f5 12. Bg5 Nf6 13. e5 dxe5 14. Bxc6 bxc6 15. Qb3+ Kh8 16. dxe5 h6 17. Rad1 Bd7 18. Bxf6 gxf6 19. e6 Qe7 20. exd7 Qc5 21. Qc2 Rg8 22. Qd2 Kh7 23. Na4 Qc4 24. Re7+ Kg6 25. Nxb6 cxb6 26. Qe2 Qxe2 27. Rxe2 c5 28. Red2 Rgd8 29. Rd6 Kf7 30. Rxb6 Ra7 31. Rbd6 Rb7 32. b3 f4 33. Kf1 a5 34. R1d3 Rb4 35. Nd2 a4 36. a3 Rb5 37. bxa4 Ra5 38. Nb3 Rxa4 39. Nxc5 Ra7 40. Ne6 1-0

[Event "Young Stars 1"]
[Site "Montreal CAN"]
[Date "2017.05.09"]
[Round "7"]
[White "Ouellet, Maili-Jade"]
[Black "Tanaka, Tyler"]
[Result "0-1"]
[WhiteElo "2096"]
[BlackElo "1991"]
[WhiteFideId "-1"]
[WhiteFideId "-1"]
[PlyCount "76"]
[GameId "2160767908411568"]
[EventDate "2017.05.05"]
[EventType "tourn"]
[EventRounds "10"]
[EventCountry "CAN"]
[SourceTitle "EXT 2022"]
[Source "ChessBase"]
[SourceDate "2021.10.06"]
[SourceVersion "1"]
[SourceVersionDate "2021.10.06"]
[SourceQuality "1"]

1. d4 Nf6 2. c4 g6 3. Nc3 Bg7 4. e4 d6 5. f4 O-O 6. Nf3 c5 7. d5 e6 8. Be2 exd5 9. cxd5 Re8 10. Nd2 Nbd7 11. O-O c4 12. Kh1 Nc5 13. e5 dxe5 14. Nxc4 exf4 15. Bxf4 Nfe4 16. Nb5 g5 17. Bc7 Qd7 18. a4 b6 19. Bh5 Rf8 20. Ne5 Bxe5 21. Bxe5 Bb7 22. Nc7 Rac8 23. d6 f6 24. Bg3 Nxg3+ 25. Kg1 Nxf1 26. Kxf1 Rfd8 27. Nb5 Ba6 28. Bg4 Bxb5+ 29. axb5 Qxb5+ 30. Kg1 Nd7 31. Be6+ Kg7 32. Rxa7 Qc5+ 33. Kf1 Qe3 34. Bxd7 Rc1 35. Bg4+ Kf8 36. d7 Rxd1+ 37. Bxd1 Qd3+ 38. Be2 Qf5+ 0-1

[Event "Young Stars 1"]
[Site "Montreal CAN"]
[Date "2017.05.09"]
[Round "8"]
[White "Huang, Qiuyu"]
[Black "Fan, Run Kun"]
[Result "1/2-1/2"]
[WhiteElo "2195"]
[BlackElo "1981"]
[WhiteFideId "-1"]
[WhiteFideId "-1"]
[PlyCount "77"]
[GameId "2160767908411569"]
[EventDate "2017.05.05"]
[EventType "tourn"]
[EventRounds "10"]
[EventCountry "CAN"]
[SourceTitle "EXT 2022"]
[Source "ChessBase"]
[SourceDate "2021.10.06"]
[SourceVersion "1"]
[SourceVersionDate "2021.10.06"]
[SourceQuality "1"]

1. e4 d6 2. d4 Nf6 3. Nc3 g6 4. Bg5 Bg7 5. Qd2 c6 6. f3 Nbd7 7. Nge2 e5 8. dxe5 dxe5 9. O-O-O Qe7 10. h4 h6 11. Be3 h5 12. Kb1 b6 13. Nc1 Bb7 14. Nb3 O-O-O 15. Qf2 Bh6 16. Bxh6 Rxh6 17. g3 Rhh8 18. Bh3 Kc7 19. Rhe1 Nb8 20. f4 Rxd1+ 21. Rxd1 Nbd7 22. f5 Ng4 23. Qf3 Ndf6 24. Bg2 Rd8 25. Rxd8 Qxd8 26. a4 Qd6 27. Qe2 a5 28. Qc4 Qd7 29. fxg6 fxg6 30. Qe2 Kb8 31. Nd2 Ka7 32. Nf3 Ba6 33. Qe1 Qd6 34. Bf1 Bxf1 35. Qxf1 Nd7 36. Qd3 Qxd3 37. cxd3 Nc5 38. Kc2 Kb7 39. Kd2 1/2-1/2

[Event "Young Stars 1"]
[Site "Montreal CAN"]
[Date "2017.05.13"]
[Round "8"]
[White "Fan, Run Kun"]
[Black "Ouellet, Maili-Jade"]
[Result "1-0"]
[WhiteElo "1981"]
[BlackElo "2096"]
[WhiteFideId "-1"]
[WhiteFideId "-1"]
[PlyCount "173"]
[GameId "2160767908411571"]
[EventDate "2017.05.05"]
[EventType "tourn"]
[EventRounds "10"]
[EventCountry "CAN"]
[SourceTitle "EXT 2022"]
[Source "ChessBase"]
[SourceDate "2021.10.06"]
[SourceVersion "1"]
[SourceVersionDate "2021.10.06"]
[SourceQuality "1"]

1. e4 c5 2. Nc3 e6 3. Nf3 a6 4. d4 cxd4 5. Nxd4 b5 6. a3 Bb7 7. Bd3 d6 8. f4 Nd7 9. Be3 Be7 10. Qf3 Ngf6 11. g4 g5 12. f5 Ne5 13. Qg3 exf5 14. Nxf5 Nfxg4 15. Bd4 h5 16. O-O-O Qc7 17. h3 h4 18. Qg2 Nxd3+ 19. Rxd3 Ne5 20. Bxe5 dxe5 21. Qf3 f6 22. Rhd1 Bc6 23. Rd7 Qxd7 24. Rxd7 Kxd7 25. Qd3+ Ke8 26. Nd5 Bd8 27. Nxf6+ Bxf6 28. Qd6 Kf7 29. Qxc6 Rhf8 30. Qd7+ Kg6 31. Ne3 Bg7 32. Ng4 Rad8 33. Qe6+ Kh5 34. b3 Rf4 35. Qe7 Rg8 36. Kb2 Rf3 37. Ka2 Kg6 38. Nxe5+ Bxe5 39. Qxe5 Rgf8 40. Kb2 R8f6 41. Qe8+ Kg7 42. e5 Rf8 43. Qe7+ Kg6 44. Qd6+ Kg7 45. e6 Re8 46. e7 Rf7 47. Qe5+ Kg6 48. Qe4+ Kg7 49. Qd4+ Kh7 50. Qd3+ Kg7 51. Qd5 Rexe7 52. Qxg5+ Kf8 53. Qxh4 Re6 54. Qd8+ Kg7 55. Qg5+ Kf8 56. h4 Rff6 57. h5 Kf7 58. Kc3 Rc6+ 59. Kb2 Kf8 60. Qg4 Rfe6 61. a4 Rb6 62. axb5 axb5 63. c3 Kf7 64. Ka3 Red6 65. Kb4 Re6 66. Ka5 Red6 67. Qf5+ Kg7 68. Qc5 b4 69. cxb4 Ra6+ 70. Kb5 Kh6 71. Qc8 Rab6+ 72. Kc5 Rf6 73. b5 Rbe6 74. Qc7 Rf5+ 75. Kb4 Re4+ 76. Ka5 Ree5 77. Qc4 Kxh5 78. Ka6 Re8 79. b6 Rff8 80. b7 Kg6 81. Ka7 Kf6 82. b4 Ke5 83. b5 Kd6 84. Qc6+ Ke5 85. b6 Re7 86. Qc7+ Rxc7 87. bxc7 1-0

[Event "Young Stars 1"]
[Site "Montreal CAN"]
[Date "2017.05.11"]
[Round "9"]
[White "Tanaka, Tyler"]
[Black "Huang, Qiuyu"]
[Result "0-1"]
[WhiteElo "1991"]
[BlackElo "2195"]
[WhiteFideId "-1"]
[WhiteFideId "-1"]
[PlyCount "78"]
[GameId "2160767908411573"]
[EventDate "2017.05.05"]
[EventType "tourn"]
[EventRounds "10"]
[EventCountry "CAN"]
[SourceTitle "EXT 2022"]
[Source "ChessBase"]
[SourceDate "2021.10.06"]
[SourceVersion "1"]
[SourceVersionDate "2021.10.06"]
[SourceQuality "1"]

1. e4 c5 2. Nf3 Nc6 3. d4 cxd4 4. Nxd4 e5 5. Nb5 d6 6. N1c3 a6 7. Na3 b5 8. Nd5 Nge7 9. Bg5 f6 10. Qh5+ g6 11. Nxf6+ Kf7 12. Qh4 h6 13. Nd5 hxg5 14. Qxh8 Qa5+ 15. c3 Bg7 16. Qh7 Be6 17. h4 Rh8 18. Qxh8 Bxh8 19. hxg5 Bg7 20. O-O-O Qa4 21. Bd3 Bxd5 22. Bc2 Qa5 23. exd5 Nb8 24. Be4 Nd7 25. Kb1 Nc5 26. f3 Nf5 27. Nc2 Qd8 28. Bxf5 gxf5 29. g4 f4 30. Rh5 a5 31. Ne1 b4 32. cxb4 axb4 33. Ng2 Qe8 34. Re1 Qb5 35. g6+ Kg8 36. Nh4 Qd3+ 37. Ka1 e4 38. Rh1 Qe2 39. Rb1 Nb3+ 0-1

[Event "Young Stars 1"]
[Site "Montreal CAN"]
[Date "2017.05.11"]
[Round "10"]
[White "Zheng, Richard"]
[Black "Fan, Run Kun"]
[Result "1/2-1/2"]
[WhiteElo "1664"]
[BlackElo "1981"]
[WhiteFideId "-1"]
[WhiteFideId "-1"]
[PlyCount "98"]
[GameId "2160767908411575"]
[EventDate "2017.05.05"]
[EventType "tourn"]
[EventRounds "10"]
[EventCountry "CAN"]
[SourceTitle "EXT 2022"]
[Source "ChessBase"]
[SourceDate "2021.10.06"]
[SourceVersion "1"]
[SourceVersionDate "2021.10.06"]
[SourceQuality "1"]

1. e4 d6 2. d4 Nf6 3. Bd3 e5 4. dxe5 dxe5 5. Nf3 Nbd7 6. b3 Bb4+ 7. c3 Bd6 8. O-O O-O 9. c4 b6 10. Nc3 Bb7 11. Bb2 Re8 12. Re1 Bb4 13. Qc2 c5 14. a3 Bxc3 15. Bxc3 Nh5 16. g3 g6 17. Nd2 Ng7 18. Nf1 Ne6 19. Ne3 Nd4 20. Bxd4 cxd4 21. Nd5 Bxd5 22. cxd5 Rc8 23. Qe2 Rc3 24. Bc4 Qc8 25. a4 a5 26. Rac1 Rxc1 27. Rxc1 Nc5 28. Bb5 Rd8 29. f3 Qh3 30. Rxc5 bxc5 31. Qd2 Rd6 32. Qxa5 Qh6 33. Qe1 Qf8 34. Qc1 Rb6 35. Qc4 Rf6 36. Kg2 Qh6 37. Qd3 Qc1 38. Bc4 Qb2+ 39. Qe2 Qa1 40. Qd2 Rb6 41. Qg5 f6 42. Qh6 Qb2+ 43. Kg1 Rb4 44. Qh3 Qc1+ 45. Kg2 Qd2+ 46. Kf1 f5 47. Qh4 Qd1+ 48. Kg2 Qd2+ 49. Kf1 Qd1+ 1/2-1/2

[Event "Young Stars 1"]
[Site "Montreal CAN"]
[Date "2017.05.13"]
[Round "10"]
[White "Ouellet, Maili-Jade"]
[Black "Huang, Qiuyu"]
[Result "0-1"]
[WhiteElo "2096"]
[BlackElo "2195"]
[WhiteFideId "-1"]
[WhiteFideId "-1"]
[PlyCount "68"]
[GameId "2160767908411576"]
[EventDate "2017.05.05"]
[EventType "tourn"]
[EventRounds "10"]
[EventCountry "CAN"]
[SourceTitle "EXT 2022"]
[Source "ChessBase"]
[SourceDate "2021.10.06"]
[SourceVersion "1"]
[SourceVersionDate "2021.10.06"]
[SourceQuality "1"]

1. d4 d5 2. c4 e6 3. Nc3 Nf6 4. cxd5 exd5 5. Bg5 c6 6. e3 Bf5 7. Bd3 Bxd3 8. Qxd3 Be7 9. Nge2 Nbd7 10. O-O O-O 11. Rab1 Nb6 12. f3 Re8 13. b4 a6 14. a4 Nh5 15. Bxe7 Qxe7 16. e4 g6 17. g4 Ng7 18. a5 Nc4 19. Ng3 Qg5 20. Rbe1 Ne6 21. f4 Nxf4 22. Qf3 Qf6 23. Qxf4 Qxd4+ 24. Kh1 Qxc3 25. Qxf7+ Kh8 26. Qxb7 Ne3 27. Rg1 Nxg4 28. Ref1 Rf8 29. h3 Nf6 30. exd5 Ne4 31. Rxf8+ Rxf8 32. Qe7 Nxg3+ 33. Rxg3 Rf1+ 34. Kh2 Qd2+ 0-1